000 00238nam a2200085Ia 4500
008 220204s9999 xx 000 0 und d
245 0 _aReport of the study group for plantations (Coffee Rubber)
260 _aNCL
_bNew Delhi
_c1968
942 _cBK
999 _c43474
_d43474